1341 1930 1839 1437 1087 1001 1570 1571 1037 1516 1654 1463 1445 1868 1614 1103 1287 1627 1847 1554 1815 1071 1751 1247 1758 1792 1956 1965 1386 1824 1778 1956 1961 1191 1647 1742 1299 1846 1454 1839 1857 1624 1885 1213 1421 1271 1965 1264 1809 1733 1199 1918 1287 1549 1857 1955 1016 1525 1167 1171 1776 1788 1668 1666 1507 1934 1874 1204 1614 1904 1139 1183 1436 1057 1447 1191 1671 1964 1030 1816 1028 1243 1600 1063 1200 1684 1826 1497 1576 1865 1783 1247 1035 1792 1841 1604 1357 1772 1294 BCNSPRNW ULIB Ver.6.0+V

เปลี่ยนเป็นภาษาไทย

Change to English
 แสดงรายละเอียดบรรณานุกรม
  กลับหน้าหลัก

Brief Record : Get Marc (ISO 2709) : E-mail record : QR code < ปิดหน้าต่าง
LEADER : 00000nam 2200000uu 4500
001    13399122271
003     ULIB
008    130123s2555||||th 000 0 tha d
020    ^a9789743652165
060  4 ^aWS100^bก721 ล.2
110 1  ^aคณะแพทยศาสตร์ มหาวิทยาลัยศรีนครินทรวิโรฒ
245 00 ^aกุมารเวชศาสตร์ 2 /^cบรรณาธิการโดย สมบูรณ์ จันทร์สกุลพร, อรุชา ตรีศิริโชติ, ชนาธิป ลือวิเศษไพบูลย์, โอฬาร พรหมาลิขิต, เกศรา อัศดามงคล และไพโรจน์ จงบัญญัติเจริญ
260    ^aกรุงเทพฯ:^bนพชัยการพิมพ์,^c2555
300    ^a579- 1100หน้า:^bภาพประกอบ,^c26 ซม
650  7 ^aกุมารเวชศาสตร์
650  7 ^aโรคติดเชื้อในเด็ก
650  7 ^aโรคมะเร็งในเด็ก
650  7 ^aโรคประสาทในเด็ก
650  7 ^aโรคระบบทางเดินหายใจในเด็ก
700 0  ^aอรุชา ตรีศิริโชติ,^eบรรณาธิการ
700 0  ^aชนาธิป ลือวิเศษไพบูลย์,^eบรรณาธิการ
700 0  ^aชนาธิป ลือวิเศษไพบูลย์,^eบรรณาธิการ
700 0  ^aโอฬาร พรหมาลิขิต,^eบรรณาธิการ
700 0  ^aเกศรา อัศดามงคล,^eบรรณาธิการ
700 0  ^aไพโรจน์ จงบัญญัติเจริญ,^eบรรณาธิการ
945    ^p400^l0^i19783
945    ^p400^l0^i19940
995    ^aทศพร
999    ^aทศพร เกษรทอง
รายการนี้ยังไม่มีแท็ก
คุณยังไม่ได้ล็อกอิน คุณสามารถมีกิจกรรมร่วมกับเว็บไซต์ได้ แต่ต้องล็อกอินก่อน ::
  ล็อกอิน

รายการสื่อสารสนเทศ

ลำดับที่ ประเภท เลขเรียก/บาร์โค้ด สถานที่ สถานะ
1. วิทยาศาสตร์การแพทย์ และสุขภาพ
วิทยาศาสตร์การแพทย์ และสุขภาพ
WS100 ก721 ล.2 ฉ.1 
  Barcode: 19783
ห้องสมุดวิทยาเขตนครสวรรค์
►ส่วนจัดเก็บหนังสือเก่า นว.
บนชั้น
  ขอยืม
2. วิทยาศาสตร์การแพทย์ และสุขภาพ
วิทยาศาสตร์การแพทย์ และสุขภาพ
WS100 ก721 ล.2 ฉ.2 
  Barcode: 19940
ห้องสมุดวิทยาเขตนครสวรรค์
►ส่วนจัดเก็บหนังสือเก่า นว.
บนชั้น
  ขอยืม

รายการใกล้เคียง
    หัวเรื่อง [กุมารเวชศาสตร์]
    หัวเรื่อง [โรคติดเชื้อในเด็ก]
    หัวเรื่อง [โรคมะเร็งในเด็ก]
    หัวเรื่อง [โรคประสาทในเด็ก]
    หัวเรื่อง [โรคระบบทางเดินหายใจในเด็ก]

BibComment


ยังไม่เคยถูกคอมเมนท์

คอมเมนท์ทรัพยากรรายการนี้
  คอมเมนท์: กุมารเวชศาสตร์ 2..


 Copyright 2026. Bcnsprnw @Library